[Event "Match of the Millennials U14"]
[Site "Saint Louis"]
[Date "2017.07.27"]
[Round "2.2"]
[White "Liang, Awonder"]
[Black "Abdusattorov, Nodirbek"]
[Result "1/2-1/2"]
[BlackElo "2467"]
[WhiteElo "2536"]
[LiveChessVersion "1.4.8"]

1. e4 {[%clk 1:30:58]} c5 {[%clk 1:30:48]} 2. Nf3 {[%clk 1:31:20]} d6
{[%clk 1:31:12]} 3. Bb5+ {[%clk 1:31:25]} Bd7 {[%clk 1:31:31]} 4. c4
{[%clk 1:30:10]} Nf6 {[%clk 1:31:50]} 5. Nc3 {[%clk 1:30:31]} g6 {[%clk 1:31:50]}
6. d4 {[%clk 1:26:37]} cxd4 {[%clk 1:31:40]} 7. Nxd4 {[%clk 1:27:00]} Bg7
{[%clk 1:31:53]} 8. O-O {[%clk 1:21:18]} O-O {[%clk 1:32:14]} 9. Bxd7
{[%clk 1:17:51]} Qxd7 {[%clk 1:32:28]} 10. b3 {[%clk 1:14:14]} Nc6
{[%clk 1:28:04]} 11. Bb2 {[%clk 1:11:27]} e6 {[%clk 1:27:52]} 12. Nxc6
{[%clk 1:03:12]} Qxc6 {[%clk 1:25:15]} 13. f3 {[%clk 1:03:03]} a6
{[%clk 1:16:56]} 14. a4 {[%clk 0:44:05]} Rfd8 {[%clk 1:03:20]} 15. Rc1
{[%clk 0:39:56]} Bh6 {[%clk 0:58:34]} 16. Rb1 {[%clk 0:38:05]} d5
{[%clk 0:56:52]} 17. exd5 {[%clk 0:16:58]} exd5 {[%clk 0:56:54]} 18. cxd5
{[%clk 0:16:54]} Nxd5 {[%clk 0:56:33]} 19. Nxd5 {[%clk 0:17:19]} Rxd5
{[%clk 0:56:40]} 20. Qe1 {[%clk 0:17:44]} Re8 {[%clk 0:53:09]} 21. Qh4
{[%clk 0:11:11]} Bg5 {[%clk 0:50:44]} 22. Qc4 {[%clk 0:09:56]} Rc5
{[%clk 0:48:39]} 23. Qg4 {[%clk 0:09:42]} Bf6 {[%clk 0:44:11]} 24. Bxf6
{[%clk 0:09:16]} Qxf6 {[%clk 0:44:40]} 25. Rbe1 {[%clk 0:08:59]} Rxe1
{[%clk 0:39:41]} 26. Rxe1 {[%clk 0:09:28]} Qc3 {[%clk 0:25:25]} 27. Re8+
{[%clk 0:04:36]} Kg7 {[%clk 0:25:54]} 28. h3 {[%clk 0:05:01]} Rd5
{[%clk 0:23:49]} 29. Qe4 {[%clk 0:04:36]} Qc1+ {[%clk 0:17:16]} 30. Kh2
{[%clk 0:04:06]} Qc7+ {[%clk 0:17:35]} 31. f4 {[%clk 0:04:19]} Qd6
{[%clk 0:17:44]} 32. Re5 {[%clk 0:01:34]} Rxe5 {[%clk 0:15:57]} 33. fxe5
{[%clk 0:01:47]} Qc7 {[%clk 0:16:10]} 34. Qf4 {[%clk 0:02:14]} Kg8
{[%clk 0:16:35]} 35. Qf6 {[%clk 0:01:46]} Qd7 {[%clk 0:16:32]} 36. Qb6
{[%clk 0:01:54]} Qd5 {[%clk 0:16:32]} 37. Kh1 {[%clk 0:02:18]} Kf8
{[%clk 0:16:24]} 38. Kg1 {[%clk 0:01:12]} Ke7 {[%clk 0:16:23]} 39. b4
{[%clk 0:01:02]} Qc6 {[%clk 0:16:27]} 40. Qd4 {[%clk 0:01:25]} Ke6
{[%clk 0:14:55]} 41. Qf4 {[%clk 0:01:39]} Qc7 {[%clk 0:14:26]} 42. Qf6+
{[%clk 0:01:41]} Kd5 {[%clk 0:14:45]} 43. b5 {[%clk 0:01:00]} axb5
{[%clk 0:13:34]} 44. Qf3+ {[%clk 0:00:51]} Kd4 {[%clk 0:11:56]} 45. Qf4+
{[%clk 0:01:15]} Kd5 {[%clk 0:11:37]} 46. Qf3+ {[%clk 0:01:41]} Kc4
{[%clk 0:11:46]} 47. Qf4+ {[%clk 0:02:06]} Kd3 {[%clk 0:10:41]} 48. axb5
{[%clk 0:02:26]} Qd7 {[%clk 0:10:04]} 49. Kh1 {[%clk 0:01:26]} Qf5
{[%clk 0:08:15]} 50. Qb4 {[%clk 0:01:15]} Qe6 {[%clk 0:07:02]} 51. Kg1
{[%clk 0:00:57]} h5 {[%clk 0:07:16]} 52. Kh1 {[%clk 0:01:05]} g5 {[%clk 0:07:19]}
53. Kg1 {[%clk 0:00:55]} h4 {[%clk 0:07:42]} 54. Kh1 {[%clk 0:01:00]} Qxe5 55.
Qb3+ {[%clk 0:01:27]} Kd4 {[%clk 0:07:29]} 56. Qb4+ {[%clk 0:01:10]} Kd5
{[%clk 0:07:27]} 57. Qb3+ {[%clk 0:01:37]} Kd6 {[%clk 0:06:26]} 58. Qxf7
{[%clk 0:01:57]} Qxb5 {[%clk 0:06:39]} 59. Qf6+ {[%clk 0:02:24]} Kc7
{[%clk 0:06:26]} 60. Qe7+ {[%clk 0:02:47]} Kb6 {[%clk 0:06:39]} 61. Qd6+
{[%clk 0:03:13]} Ka5 {[%clk 0:06:24]} 62. Qd2+ {[%clk 0:03:38]} Qb4
{[%clk 0:05:49]} 63. Qxg5+ {[%clk 0:03:10]} b5 {[%clk 0:05:20]} 64. Qd8+
{[%clk 0:02:54]} Ka4 {[%clk 0:05:38]} 65. Qa8+ {[%clk 0:03:12]} Kb3
{[%clk 0:05:38]} 66. Qf3+ {[%clk 0:03:33]} Qc3 {[%clk 0:05:38]} 67. Qd5+
{[%clk 0:03:58]} Ka4 {[%clk 0:05:19]} 68. Qa8+ {[%clk 0:04:16]} Kb4
{[%clk 0:05:35]} 69. Qe4+ {[%clk 0:04:27]} Ka3 {[%clk 0:05:04]} 70. Qxh4
{[%clk 0:03:49]} Qa1+ {[%clk 0:05:22]} 71. Kh2 {[%clk 0:04:13]} Qe5+
{[%clk 0:05:46]} 72. Kh1 {[%clk 0:03:12]} b4 {[%clk 0:06:09]} 73. Qf2
{[%clk 0:02:45]} b3 {[%clk 0:06:00]} 74. Qa7+ {[%clk 0:03:02]} Kb2
{[%clk 0:05:43]} 75. Qf2+ {[%clk 0:03:28]} Kb1 {[%clk 0:06:05]} 76. Qg1+
{[%clk 8:03:46]} Kc2 {[%clk 0:06:03]} 77. Qf2+ {[%clk 0:04:12]} Kc1
{[%clk 0:06:07]} 78. Qf1+ {[%clk 0:04:20]} Kd2 {[%clk 0:06:28]} 79. Qf2+
{[%clk 0:04:48]} Qe2 {[%clk 0:06:11]} 80. Qd4+ {[%clk 0:04:17]} Kc2
{[%clk 0:06:31]} 81. Qc5+ {[%clk 0:04:11]} Kb1 {[%clk 0:06:51]} 82. Kh2
{[%clk 0:03:44]} b2 {[%clk 0:04:56]} 83. h4 {[%clk 0:03:00]} Qc2 {[%clk 0:04:16]}
84. Qe5 {[%clk 0:03:16]} Qa4 {[%clk 0:04:02]} 85. h5 {[%clk 0:02:14]} Ka2
{[%clk 0:04:06]} 86. Qd5+ {[%clk 0:02:34]} Ka1 {[%clk 0:04:29]} 87. Qe5
{[%clk 0:03:01]} Qb4 {[%clk 0:03:47]} 88. Qf6 {[%clk 0:01:58]} Ka2
{[%clk 0:02:47]} 89. Qe6+ {[%clk 0:02:00]} Qb3 {[%clk 0:02:57]} 90. Qa6+
{[%clk 0:02:16]} Qa3 {[%clk 0:03:19]} 91. Qe6+ {[%clk 0:02:17]} Ka1
{[%clk 0:03:20]} 92. Qf6 {[%clk 0:02:37]} Ka2 {[%clk 0:02:43]} 93. Qe6+
{[%clk 0:03:02]} Ka1 {[%clk 0:03:08]} 94. Qf6 {[%clk 0:03:29]} Ka2
{[%clk 0:02:44]} 95. Qe6+ {[%clk 0:03:52]} Ka1 {[%clk 0:03:03]} 96. Qf6
{[%clk 0:04:18]} Ka2 {[%clk 0:03:19]} 97. Qe6+ {[%clk 0:04:41]} Ka1
{[%clk 0:03:46]} 98. Qf6 {[%clk 0:05:09]} 1/2-1/2

[Event "Match of the Millennials U14"]
[Site "Saint Louis"]
[Date "2017.07.27"]
[Round "2.3"]
[White "Assaubayeva, Bibisara"]
[Black "Samadashvili, Martha"]
[Result "1-0"]
[BlackElo "2018"]
[WhiteElo "2386"]
[LiveChessVersion "1.4.8"]

1. d4 {[%clk 1:30:52]} d5 {[%clk 1:30:47]} 2. c4 {[%clk 1:31:04]} c6
{[%clk 1:31:05]} 3. Nf3 {[%clk 1:31:12]} Nf6 {[%clk 1:31:22]} 4. Nc3
{[%clk 1:31:22]} e6 {[%clk 1:31:31]} 5. Bg5 {[%clk 1:31:39]} dxc4
{[%clk 1:31:47]} 6. e4 {[%clk 1:31:45]} b5 {[%clk 1:32:01]} 7. e5
{[%clk 1:31:24]} h6 {[%clk 1:32:21]} 8. Bh4 {[%clk 1:31:42]} g5 {[%clk 1:32:29]}
9. Nxg5 {[%clk 1:30:35]} hxg5 {[%clk 1:32:40]} 10. Bxg5 {[%clk 1:30:54]} Nbd7
{[%clk 1:32:32]} 11. exf6 {[%clk 1:30:23]} Bb7 {[%clk 1:31:32]} 12. g3
{[%clk 1:26:13]} c5 {[%clk 1:31:38]} 13. d5 {[%clk 1:26:42]} Qb6 {[%clk 1:31:46]}
14. Bg2 {[%clk 1:25:51]} O-O-O {[%clk 1:31:51]} 15. O-O {[%clk 1:23:57]} b4
{[%clk 1:31:54]} 16. Na4 {[%clk 1:20:21]} Qb5 {[%clk 1:31:34]} 17. b3
{[%clk 1:09:28]} exd5 {[%clk 0:59:34]} 18. a3 {[%clk 0:53:51]} Ne5
{[%clk 0:41:57]} 19. axb4 {[%clk 0:44:31]} d4 {[%clk 0:29:53]} 20. Bxb7+
{[%clk 0:34:36]} Qxb7 {[%clk 0:28:57]} 21. f4 {[%clk 0:34:52]} Nd3
{[%clk 0:23:09]} 22. bxc4 {[%clk 0:29:23]} Nxb4 {[%clk 0:22:16]} 23. Qd2
{[%clk 0:23:12]} Qe4 {[%clk 0:13:57]} 24. Rf2 {[%clk 0:14:07]} Re8
{[%clk 0:10:42]} 25. Nb2 {[%clk 0:10:33]} Qb7 {[%clk 0:05:20]} 26. Re2
{[%clk 0:09:57]} Bd6 {[%clk 0:04:36]} 27. Rae1 {[%clk 0:08:24]} Rxe2
{[%clk 0:03:40]} 28. Qxe2 {[%clk 0:08:15]} Rd8 {[%clk 0:01:05]} 29. Nd3
{[%clk 0:07:47]} Nxd3 {[%clk 0:01:10]} 30. Qxd3 {[%clk 0:08:16]} Qc6
{[%clk 0:00:58]} 31. h4 {[%clk 0:05:48]} Kc7 {[%clk 0:00:43]} 32. h5
{[%clk 0:04:16]} Qd7 {[%clk 0:00:49]} 33. Kg2 {[%clk 0:01:37]} Rb8
{[%clk 0:00:55]} 34. Re2 {[%clk 0:01:38]} Qg4 {[%clk 0:00:52]} 35. Qf3
{[%clk 0:01:17]} Qd7 {[%clk 0:00:46]} 36. Ra2 {[%clk 0:00:45]} Rb7
{[%clk 0:00:34]} 37. Qd5 {[%clk 0:00:47]} Kb8 {[%clk 0:00:33]} 38. h6
{[%clk 0:00:39]} Qd8 {[%clk 0:00:34]} 39. h7 {[%clk 0:00:59]} Kc8 1-0

[Event "Match of the Millennials U14"]
[Site "Saint Louis"]
[Date "2017.07.27"]
[Round "2.4"]
[White "Yip, Carissa"]
[Black "Salimova, Nurgyul"]
[Result "1-0"]
[BlackElo "2332"]
[WhiteElo "2261"]
[LiveChessVersion "1.4.8"]

1. e4 {[%clk 1:30:56]} e6 {[%clk 1:30:53]} 2. d4 {[%clk 1:31:15]} d5
{[%clk 1:31:17]} 3. Nd2 {[%clk 1:31:39]} Nc6 {[%clk 1:31:40]} 4. Ngf3
{[%clk 1:31:10]} Nf6 {[%clk 1:31:54]} 5. e5 {[%clk 1:30:49]} Nd7 {[%clk 1:32:15]}
6. c3 {[%clk 1:30:42]} f6 {[%clk 1:32:34]} 7. Bb5 {[%clk 1:30:06]} a6
{[%clk 1:21:25]} 8. Bxc6 {[%clk 1:30:23]} bxc6 {[%clk 1:21:49]} 9. O-O
{[%clk 1:30:35]} f5 {[%clk 1:09:15]} 10. Nb3 {[%clk 1:24:46]} a5 {[%clk 1:07:14]}
11. Ng5 {[%clk 1:22:43]} Qe7 {[%clk 1:05:55]} 12. a4 {[%clk 1:09:38]} g6
{[%clk 1:01:27]} 13. Nf3 {[%clk 0:54:52]} h6 {[%clk 0:51:02]} 14. Bd2
{[%clk 0:47:22]} Nb6 {[%clk 0:48:35]} 15. h4 {[%clk 0:36:57]} Qg7
{[%clk 0:43:43]} 16. Qc1 {[%clk 0:33:16]} Be7 {[%clk 0:42:02]} 17. Nc5
{[%clk 0:29:54]} Nc4 {[%clk 0:38:25]} 18. Bf4 {[%clk 0:28:42]} g5
{[%clk 0:32:37]} 19. Bh2 {[%clk 0:22:03]} gxh4 {[%clk 0:22:24]} 20. Kh1
{[%clk 0:17:34]} Qg4 {[%clk 0:14:11]} 21. Rg1 {[%clk 0:11:36]} Kf7
{[%clk 0:09:43]} 22. Ne1 {[%clk 0:10:10]} Qe2 {[%clk 0:05:50]} 23. b3
{[%clk 0:07:47]} Nd2 {[%clk 0:04:42]} 24. Ra2 {[%clk 0:06:38]} Nxb3
{[%clk 0:03:24]} 25. Qb1 {[%clk 0:06:41]} Nd2 {[%clk 0:02:40]} 26. Qc2
{[%clk 0:07:01]} Bxc5 {[%clk 0:01:35]} 27. dxc5 {[%clk 0:07:19]} Qxf2
{[%clk 0:01:28]} 28. Qxd2 {[%clk 0:06:57]} Qxc5 {[%clk 0:01:52]} 29. Nd3
{[%clk 0:05:07]} Qc4 {[%clk 0:01:57]} 30. Nf4 {[%clk 0:04:22]} Ba6
{[%clk 0:01:28]} 31. Raa1 {[%clk 0:04:21]} Rag8 {[%clk 0:01:20]} 32. Qe3
{[%clk 0:03:21]} c5 {[%clk 0:00:51]} 33. Nh5 {[%clk 0:01:57]} Rg5
{[%clk 0:00:50]} 34. Nf6 {[%clk 0:02:11]} Ke7 {[%clk 0:00:59]} 35. Bf4
{[%clk 0:02:22]} Rg6 {[%clk 0:01:04]} 36. Qf3 {[%clk 0:02:22]} Qe2
{[%clk 0:01:05]} 37. Qh3 {[%clk 0:01:10]} Qf2 {[%clk 0:00:56]} 38. Nxd5+
{[%clk 0:00:41]} Kf7 {[%clk 0:00:41]} 39. Be3 {[%clk 0:00:50]} Qg3
{[%clk 0:00:41]} 40. Nxc7 Bb7 {[%clk 0:00:42]} 41. Qxg3 {[%clk 0:01:02]} Rxg3
{[%clk 0:00:53]} 42. Bf4 {[%clk 0:00:51]} Rg4 {[%clk 0:00:55]} 43. Nb5
{[%clk 0:00:52]} Ba8 {[%clk 0:00:49]} 44. Nd6+ {[%clk 0:00:56]} Ke7
{[%clk 0:01:15]} 45. Be3 {[%clk 0:00:55]} Rg3 {[%clk 0:01:19]} 46. Bf4
{[%clk 0:01:06]} Rg4 {[%clk 0:01:29]} 47. Be3 {[%clk 0:00:38]} Rg3
{[%clk 0:00:53]} 48. Bf4 {[%clk 0:01:05]} Rg4 {[%clk 0:00:55]} 49. Be3
{[%clk 0:00:39]} h3 {[%clk 0:00:39]} 50. Kh2 {[%clk 0:00:52]} hxg2
{[%clk 0:00:54]} 51. Bxc5 {[%clk 0:01:02]} f4 {[%clk 0:00:41]} 52. Rgd1
{[%clk 0:00:44]} Rh4+ {[%clk 0:00:41]} 53. Kg1 {[%clk 0:01:07]} Rh1+
{[%clk 0:00:54]} 54. Kf2 {[%clk 0:01:36]} Rg8 {[%clk 0:00:35]} 55. Rg1
{[%clk 0:00:55]} Rh3 {[%clk 0:00:40]} 56. Rad1 {[%clk 0:00:47]} Rf3+
{[%clk 0:01:05]} 57. Ke2 {[%clk 0:01:14]} Rh3 {[%clk 0:00:50]} 58. Kf2
{[%clk 0:01:34]} Rf3+ {[%clk 0:01:15]} 59. Ke2 {[%clk 0:02:02]} Rh3
{[%clk 0:01:39]} 60. Ne4+ {[%clk 0:01:59]} Kf7 {[%clk 0:00:43]} 61. Rd7+
{[%clk 0:02:16]} Kg6 {[%clk 0:00:55]} 62. Rxg2+ {[%clk 0:02:42]} Rg3
{[%clk 0:00:53]} 63. Rxg3+ {[%clk 0:02:41]} fxg3 {[%clk 0:01:18]} 64. Nxg3
{[%clk 0:03:09]} Rc8 {[%clk 0:01:16]} 65. Bd4 {[%clk 0:03:15]} h5
{[%clk 0:01:24]} 66. Ra7 {[%clk 0:01:56]} h4 {[%clk 0:01:30]} 67. Nf1
{[%clk 0:02:19]} h3 {[%clk 0:00:51]} 68. Rxa5 {[%clk 0:02:33]} Bd5
{[%clk 0:00:47]} 69. Rc5 {[%clk 0:02:22]} Rb8 {[%clk 0:00:54]} 70. c4
{[%clk 0:02:25]} Bg2 {[%clk 0:01:03]} 71. Nh2 {[%clk 0:01:55]} Rb1
{[%clk 0:01:02]} 72. Kf2 {[%clk 0:02:17]} Rh1 {[%clk 0:01:05]} 73. Kg3
{[%clk 0:01:05]} Rd1 {[%clk 0:01:28]} 74. Bf2 {[%clk 0:00:39]} Kf5
{[%clk 0:01:24]} 75. a5 {[%clk 0:00:36]} Rd3+ {[%clk 0:01:46]} 76. Kh4
{[%clk 0:01:03]} Rd2 {[%clk 0:01:35]} 77. Bg3 {[%clk 0:00:59]} Rd8
{[%clk 0:01:25]} 78. Be1 {[%clk 0:00:53]} Rd1 {[%clk 0:01:20]} 79. Bc3
{[%clk 0:00:44]} Rd8 {[%clk 0:01:06]} 80. Rc7 {[%clk 0:00:41]} Rd3
{[%clk 0:00:50]} 81. Be1 {[%clk 0:00:46]} Rd4+ {[%clk 0:00:45]} 82. Kg3
{[%clk 0:00:58]} Rd1 {[%clk 0:00:44]} 83. Kf2 {[%clk 0:01:08]} Kxe5
{[%clk 0:00:56]} 84. a6 {[%clk 0:01:08]} Kd6 {[%clk 0:01:00]} 85. Rg7
{[%clk 0:01:15]} Ra1 {[%clk 0:01:03]} 86. Bb4+ {[%clk 0:00:48]} Kc6
{[%clk 0:01:25]} 87. a7 {[%clk 0:01:12]} Ra2+ {[%clk 0:01:31]} 88. Kg3
{[%clk 0:01:32]} Kb6 {[%clk 0:01:06]} 89. Bd6 {[%clk 0:01:10]} Bb7
{[%clk 0:00:52]} 90. Bc5+ {[%clk 0:00:40]} Kxc5 {[%clk 0:00:40]} 91. Rxb7
{[%clk 0:01:05]} Ra3+ {[%clk 0:00:57]} 92. Kf2 {[%clk 0:00:53]} Kxc4
{[%clk 0:00:56]} 93. Nf3 {[%clk 0:01:02]} Kc5 {[%clk 0:00:40]} 94. Ne5
{[%clk 0:01:03]} Ra2+ {[%clk 0:00:51]} 95. Kg1 {[%clk 0:01:24]} Kd6
{[%clk 0:00:45]} 96. Nc4+ {[%clk 0:01:12]} Kc6 {[%clk 0:00:34]} 97. Re7
{[%clk 0:01:13]} e5 {[%clk 0:00:43]} 98. Nxe5+ {[%clk 0:01:06]} Kd6
{[%clk 0:00:50]} 99. Ng6 {[%clk 0:01:26]} Kc6 {[%clk 0:00:50]} 100. Nf4
{[%clk 0:01:01]} Ra1+ {[%clk 0:00:59]} 101. Kh2 {[%clk 0:01:24]} Kb6
{[%clk 0:00:58]} 102. Nd5+ {[%clk 0:01:35]} Kc6 {[%clk 0:00:58]} 103. Ne3
{[%clk 0:01:41]} Ra2+ {[%clk 0:00:42]} 104. Kxh3 {[%clk 0:02:05]} Ra3
{[%clk 0:01:04]} 105. Kg4 {[%clk 0:02:21]} Ra4+ {[%clk 0:01:27]} 106. Kf5
{[%clk 0:02:45]} Kb6 {[%clk 0:01:13]} 107. Nd5+ {[%clk 0:03:10]} Kc6
{[%clk 0:01:02]} 108. Ke5 {[%clk 0:03:32]} Ra1 {[%clk 0:00:52]} 109. Rc7+
{[%clk 0:03:50]} Kb5 {[%clk 0:01:18]} 110. Kd6 {[%clk 0:04:10]} Ra6+
{[%clk 0:00:56]} 111. Kd7 {[%clk 0:04:36]} Ra1 {[%clk 0:00:40]} 112. Kc8
{[%clk 0:04:32]} 1-0

[Event "Match of the Millennials U14"]
[Site "Saint Louis"]
[Date "2017.07.28"]
[Round "3.1"]
[White "Liang, Awonder"]
[Black "Praggnanandhaa, Ramesh Babu"]
[Result "0-1"]
[BlackElo "2479"]
[WhiteElo "2536"]
[LiveChessVersion "1.4.8"]

1. e4 {[%clk 1:30:57]} e5 {[%clk 1:30:37]} 2. Nf3 {[%clk 1:31:19]} Nc6
{[%clk 1:31:02]} 3. Bb5 {[%clk 1:31:42]} a6 {[%clk 1:31:26]} 4. Ba4
{[%clk 1:32:07]} Nf6 {[%clk 1:31:51]} 5. O-O {[%clk 1:32:28]} b5 {[%clk 1:32:17]}
6. Bb3 {[%clk 1:32:51]} Bb7 {[%clk 1:32:38]} 7. d3 {[%clk 1:33:01]} Be7
{[%clk 1:33:01]} 8. Re1 {[%clk 1:33:11]} O-O {[%clk 1:32:50]} 9. Nbd2
{[%clk 1:33:35]} d6 {[%clk 1:31:26]} 10. c3 {[%clk 1:33:55]} Qd7 {[%clk 1:21:09]}
11. d4 {[%clk 1:25:18]} exd4 {[%clk 1:15:23]} 12. cxd4 {[%clk 1:24:48]} Nb4
{[%clk 1:12:29]} 13. Qe2 {[%clk 1:03:57]} c5 {[%clk 0:55:22]} 14. a3
{[%clk 0:57:49]} Nc6 {[%clk 0:52:46]} 15. d5 {[%clk 0:50:14]} Ne5
{[%clk 0:51:38]} 16. Bc2 {[%clk 0:46:56]} Ng6 {[%clk 0:38:59]} 17. Nf1
{[%clk 0:46:08]} Ng4 {[%clk 0:34:11]} 18. h3 {[%clk 0:35:02]} N4e5
{[%clk 0:32:25]} 19. N3h2 {[%clk 0:35:23]} Bf6 {[%clk 0:23:34]} 20. Ne3
{[%clk 0:29:27]} Bg5 {[%clk 0:15:45]} 21. b3 {[%clk 0:20:40]} a5 {[%clk 0:11:33]}
22. Qh5 {[%clk 0:15:19]} f6 {[%clk 0:08:30]} 23. g3 {[%clk 0:12:51]} Bc8
{[%clk 0:06:40]} 24. Nf5 {[%clk 0:09:39]} Bxc1 {[%clk 0:06:23]} 25. Rexc1
{[%clk 0:08:47]} Ne7 {[%clk 0:05:15]} 26. Ne3 {[%clk 0:03:41]} g6
{[%clk 0:02:33]} 27. Qe2 {[%clk 0:02:08]} Qxh3 {[%clk 0:00:57]} 28. Qxb5
{[%clk 0:02:37]} Ba6 {[%clk 0:01:00]} 29. Qb6 {[%clk 0:02:48]} Nc8
{[%clk 0:00:56]} 30. Qxa5 {[%clk 0:02:43]} Be2 {[%clk 0:01:11]} 0-1

[Event "Match of the Millennials U14"]
[Site "Saint Louis"]
[Date "2017.07.28"]
[Round "3.2"]
[White "Abdusattorov, Nodirbek"]
[Black "Hong, Andrew"]
[Result "1-0"]
[BlackElo "2334"]
[WhiteElo "2467"]
[LiveChessVersion "1.4.8"]

1. d4 {[%clk 1:30:40]} d5 {[%clk 1:30:54]} 2. c4 {[%clk 1:30:51]} e6
{[%clk 1:31:19]} 3. Nf3 {[%clk 1:31:11]} Nf6 {[%clk 1:31:44]} 4. Nc3
{[%clk 1:31:28]} c6 {[%clk 1:32:07]} 5. Bg5 {[%clk 1:31:44]} Nbd7
{[%clk 1:32:27]} 6. cxd5 {[%clk 1:32:04]} exd5 {[%clk 1:32:09]} 7. e3
{[%clk 1:32:19]} Qa5 {[%clk 1:31:21]} 8. Nd2 {[%clk 1:27:42]} Bd6
{[%clk 1:30:58]} 9. Bd3 {[%clk 1:26:26]} O-O {[%clk 1:29:35]} 10. Bh4
{[%clk 1:25:11]} Re8 {[%clk 1:15:34]} 11. Bg3 {[%clk 1:23:12]} Bxg3
{[%clk 1:10:05]} 12. hxg3 {[%clk 1:23:04]} Ne4 {[%clk 1:08:08]} 13. Ndxe4
{[%clk 1:15:43]} dxe4 {[%clk 1:08:08]} 14. Rh5 {[%clk 1:16:03]} b5
{[%clk 1:05:14]} 15. Be2 {[%clk 1:08:57]} Qd8 {[%clk 0:56:27]} 16. Qc2
{[%clk 1:04:58]} g6 {[%clk 0:45:49]} 17. Rh4 {[%clk 1:05:02]} Nf6
{[%clk 0:35:03]} 18. Nxe4 {[%clk 0:48:49]} Rxe4 {[%clk 0:21:39]} 19. Rxe4
{[%clk 0:48:37]} Qa5+ {[%clk 0:20:41]} 20. Kf1 {[%clk 0:48:52]} Nxe4
{[%clk 0:16:00]} 21. Qxe4 {[%clk 0:49:16]} Bf5 {[%clk 0:16:15]} 22. Qe7
{[%clk 0:49:42]} Be6 {[%clk 0:11:35]} 23. Qc5 {[%clk 0:47:07]} Qd2
{[%clk 0:10:21]} 24. Qc3 {[%clk 0:42:21]} Qxc3 {[%clk 0:10:39]} 25. bxc3
{[%clk 0:42:50]} a5 {[%clk 0:09:23]} 26. a3 {[%clk 0:43:06]} h5 {[%clk 0:09:24]}
27. e4 {[%clk 0:41:14]} Rb8 {[%clk 0:08:39]} 28. Rb1 {[%clk 0:40:35]} Rd8
{[%clk 0:08:06]} 29. f3 {[%clk 0:40:34]} Kf8 {[%clk 0:08:19]} 30. Kf2
{[%clk 0:40:32]} Ke7 {[%clk 0:08:24]} 31. Ke3 {[%clk 0:40:05]} Kd6
{[%clk 0:08:20]} 32. f4 {[%clk 0:37:51]} Re8 {[%clk 0:07:09]} 33. Bf3
{[%clk 0:33:51]} f5 {[%clk 0:06:14]} 34. e5+ {[%clk 0:33:52]} Kc7
{[%clk 0:04:18]} 35. d5 {[%clk 0:34:00]} Bd7 {[%clk 0:04:01]} 36. c4
{[%clk 0:33:55]} bxc4 {[%clk 0:03:00]} 37. d6+ {[%clk 0:34:03]} Kc8
{[%clk 0:03:20]} 38. Kd4 {[%clk 0:33:57]} g5 {[%clk 0:02:46]} 39. Kc5
{[%clk 0:31:31]} h4 {[%clk 0:02:39]} 40. Bxc6 {[%clk 0:31:44]} hxg3
{[%clk 0:02:16]} 41. Bxd7+ {[%clk 0:32:08]} Kxd7 {[%clk 0:02:44]} 42. Kd5
{[%clk 0:32:32]} Rc8 {[%clk 0:02:28]} 43. e6+ {[%clk 0:32:54]} Kd8
{[%clk 0:02:56]} 44. Rh1 {[%clk 0:33:17]} 1-0

[Event "Match of the Millennials U14"]
[Site "Saint Louis"]
[Date "2017.07.28"]
[Round "3.3"]
[White "Yip, Carissa"]
[Black "Assaubayeva, Bibisara"]
[Result "0-1"]
[BlackElo "2386"]
[WhiteElo "2261"]
[LiveChessVersion "1.4.8"]

1. e4 {[%clk 1:30:55]} e5 {[%clk 1:30:52]} 2. Nf3 {[%clk 1:31:22]} Nc6
{[%clk 1:31:12]} 3. Bb5 {[%clk 1:31:22]} a6 {[%clk 1:31:24]} 4. Ba4
{[%clk 1:31:47]} Nf6 {[%clk 1:31:39]} 5. d3 {[%clk 1:32:03]} b5 {[%clk 1:30:29]}
6. Bb3 {[%clk 1:32:28]} Be7 {[%clk 1:27:45]} 7. O-O {[%clk 1:32:27]} d6
{[%clk 1:27:46]} 8. c3 {[%clk 1:29:28]} O-O {[%clk 1:27:22]} 9. a4
{[%clk 1:29:12]} Rb8 {[%clk 1:23:15]} 10. Re1 {[%clk 1:27:29]} Na5
{[%clk 1:20:30]} 11. Bc2 {[%clk 1:26:43]} c5 {[%clk 1:20:29]} 12. d4
{[%clk 1:21:01]} cxd4 {[%clk 1:16:18]} 13. cxd4 {[%clk 1:20:43]} Nc6
{[%clk 1:14:44]} 14. h3 {[%clk 1:20:09]} Qc7 {[%clk 1:10:35]} 15. axb5
{[%clk 1:11:12]} axb5 {[%clk 1:10:48]} 16. Nc3 {[%clk 1:10:20]} Nxd4
{[%clk 1:03:27]} 17. Nxd4 {[%clk 1:06:31]} exd4 {[%clk 1:03:55]} 18. Ne2 Nd7
{[%clk 1:00:32]} 19. Nxd4 {[%clk 0:56:19]} Ne5 {[%clk 0:52:39]} 20. Bf4
{[%clk 0:42:18]} Bf6 {[%clk 0:48:59]} 21. b3 {[%clk 0:24:58]} Bd7
{[%clk 0:41:09]} 22. Rc1 {[%clk 0:23:20]} Rfc8 {[%clk 0:35:18]} 23. Be3
{[%clk 0:16:17]} Qa5 {[%clk 0:27:21]} 24. f4 {[%clk 0:15:00]} Nc6
{[%clk 0:24:19]} 25. Nf3 {[%clk 0:11:05]} Bb2 {[%clk 0:19:06]} 26. Rb1
{[%clk 0:11:02]} Bc3 {[%clk 0:19:31]} 27. Re2 {[%clk 0:07:48]} Nb4
{[%clk 0:16:56]} 28. Qxd6 {[%clk 0:06:32]} Bc6 {[%clk 0:16:02]} 29. Bd4
{[%clk 0:03:54]} Rd8 {[%clk 0:05:49]} 30. Qe5 {[%clk 0:04:04]} Bxd4+
{[%clk 0:05:51]} 31. Nxd4 {[%clk 0:04:29]} Qb6 {[%clk 0:05:43]} 32. Rd1
{[%clk 0:04:30]} f6 {[%clk 0:04:57]} 33. Qe6+ {[%clk 0:02:12]} Kh8
{[%clk 0:05:26]} 34. e5 {[%clk 0:00:51]} Rxd4 {[%clk 0:05:10]} 35. Kh2
{[%clk 0:00:49]} Nxc2 {[%clk 0:02:10]} 36. exf6 {[%clk 0:01:05]} Qc7
{[%clk 0:01:55]} 37. fxg7+ {[%clk 0:00:53]} Kxg7 {[%clk 0:01:53]} 38. Re5
{[%clk 0:01:06]} Rf8 {[%clk 0:01:00]} 39. Rc1 {[%clk 0:00:45]} Rd2
{[%clk 0:01:01]} 40. Rg5+ {[%clk 0:00:42]} Kh8 41. Rf1 {[%clk 0:00:41]} Rxg2+
{[%clk 0:00:56]} 42. Rxg2 {[%clk 0:01:07]} Bxg2 {[%clk 0:01:25]} 43. Kxg2
{[%clk 0:01:07]} Qg7+ {[%clk 0:01:26]} 44. Kh2 {[%clk 0:01:24]} Nd4
{[%clk 0:01:36]} 45. Qe4 {[%clk 0:01:39]} Rg8 {[%clk 0:01:35]} 46. Kh1
{[%clk 0:01:49]} Nf5 {[%clk 0:01:59]} 0-1